00488nam a2200193 a 4500001001300000003000900013005001700022008004100039020001000080082001600090100002500106245003200131260003400163300000900197500003500206505001000241650001800251700002500269nice12345678IN_TiNIC20260116011646.0050524s1975 vara grp 000 0 urd  ac8.500a297.64bSID aSiddiqui, Salamullah aUsman Ghani Ka Nizam-E-Adal aVaransibAzad Book Depoc1975 a240p aincludes index and biblioraphy2 aIndex aUthman-Caliph1 aSiddiqui, Salamullah